书目信息 |
| 题名: |
微机应用基础
|
|
| 作者: | 李凤〓 编著 | |
| 分册: | ||
| 出版信息: | 石家庄 河北科学技术出版社 1993 |
|
| 页数: | 282页 | |
| 开本: | 26cm | |
| 丛书名: | ||
| 单 册: | ||
| 中图分类: | TP36 | |
| 科图分类: | 73.876 | |
| 主题词: | 微型计算机--高等学校--教材 | |
| 电子资源: | ||
| ISBN: | 7-5375-0162-9 | |
| 000 | 00655nam0 2200229 45 | |
| 001 | 0198014967 | |
| 005 | 20070924094250.31 | |
| 010 | @a7-5375-0162-9@dCNY10.05 | |
| 100 | @a19980319d1993 em y0chiy0121 ea | |
| 101 | 0 | @achi |
| 102 | @aCN@b130000 | |
| 105 | @ay z 000yy | |
| 200 | 10 | @a微机应用基础@Awei ji ying yong ji chu@f李凤〓编著@Fli feng〓bian zhu |
| 210 | @a石家庄@c河北科学技术出版社@d1993@h1994 | |
| 215 | @a282页@d26cm | |
| 300 | @a计算机教育研究会教材 | |
| 606 | @a微型计算机@x高等学校@x教材 | |
| 690 | @aTP36@v3 | |
| 692 | @a73.876@v2 | |
| 701 | 0 | @a李凤〓@Ali feng〓@4编著 |
| 801 | 0 | @aCN@bTSSF@c20070924 |
| 905 | @a10447@dTP36@e401 | |
| 微机应用基础/李凤〓编著.-石家庄:河北科学技术出版社,1993(1994) |
| 282页;26cm |
| 计算机教育研究会教材 |
| ISBN 7-5375-0162-9:CNY10.05 |
| ● |
| 相关链接 |
|
|
|
|
正题名:微机应用基础
索取号:TP36/401
 
预约/预借
| 序号 | 登录号 | 条形码 | 馆藏地/架位号 | 状态 | 备注 |
| 1 | 0409025 | 204090250 | 第二样本阅览室/ [索取号:TP36/401] | 在馆 | |
| 2 | 0409026 | 204090269 | 密集书库/ [索取号:TP36/401] | 在馆 | |
| 3 | 0409027 | 204090278 | 密集书库/ [索取号:TP36/401] | 在馆 | |
| 4 | 0409028 | 204090287 | 密集书库/ [索取号:TP36/401] | 在馆 | |
| 5 | 0409029 | 204090296 | 密集书库/ [索取号:TP36/401] | 在馆 | |
| 6 | 0625980 | 206259804 | 密集书库/ [索取号:TP36/401] | 在馆 | |
| 7 | 0641511 | 206415119 | 库房3/ [索取号:TP36/401] | 在馆 | |
| 8 | 0641512 | 206415128 | 库房3/ [索取号:TP36/401] | 在馆 | |
| 9 | 0641513 | 206415137 | 库房3/ [索取号:TP36/401] | 在馆 | |
| 10 | 0641514 | 206415146 | 库房3/ [索取号:TP36/401] | 在馆 | |
| 11 | 0641515 | 206415155 | 库房3/ [索取号:TP36/401] | 在馆 | |
| 12 | 0641516 | 206415164 | 库房3/ [索取号:TP36/401] | 在馆 | |
| 13 | 0641517 | 206415173 | 库房3/ [索取号:TP36/401] | 在馆 | |
| 14 | 0641518 | 206415182 | 库房3/ [索取号:TP36/401] | 在馆 | |
| 15 | 0641519 | 206415191 | 库房3/ [索取号:TP36/401] | 在馆 | |
| 16 | 0641520 | 206415208 | 库房3/ [索取号:TP36/401] | 在馆 | |
| 17 | 0641521 | 206415217 | 库房3/ [索取号:TP36/401] | 在馆 | |
| 18 | 0641522 | 206415226 | 库房3/ [索取号:TP36/401] | 在馆 | |
| 19 | 0641523 | 206415235 | 库房3/ [索取号:TP36/401] | 在馆 | |
| 20 | 0641524 | 206415244 | 库房3/ [索取号:TP36/401] | 在馆 | |
| 21 | 0641525 | 206415253 | 库房3/ [索取号:TP36/401] | 在馆 | |
| 22 | 0641526 | 206415262 | 库房3/ [索取号:TP36/401] | 在馆 | |
| 23 | 0652309 | 206523092 | 库房3/ [索取号:TP36/401] | 在馆 | |
| 24 | 0767570 | 207675700 | 密集书库/ [索取号:TP36/401] | 在馆 | |
| 25 | 0768589 | 207685897 | 密集书库/ [索取号:TP36/401] | 在馆 |